| 000 | 00333nam a22001337a 4500 | ||
|---|---|---|---|
| 003 | SGT | ||
| 020 | _a9780199493746 | ||
| 082 |
_a346.54092 _bRAN |
||
| 100 | _aRANJAN ,PRABHASH | ||
| 245 | _aINDIA AND BILATERAL INVESTMENT TREATIES | ||
| 260 |
_aNEW DELHI _bOXFORD UNIVERSITY PRESS _c2019 |
||
| 300 | _aXXXIII ,378 | ||
| 942 |
_2ddc _cBK _01 |
||
| 999 |
_c23073 _d23073 |
||